Statistics for 2000-2014 NFL SuperBowls

Click here to take the quiz!

General Stats

  • This quiz has been taken 1,780 times
  • The average score is 13 of 15

Answer Stats

HintAnswer% Correct
2004Patriots
99%
2014Patriots
99%
2003Patriots
99%
2001Patriots
99%
2008Steelers
93%
2005Steelers
93%
2012Ravens
90%
2000Ravens
90%
2013Seahawks
90%
2010Packers
89%
2011Giants
85%
2007Giants
85%
2009Saints
83%
2006Colts
81%
2002Buccaneers
62%

Score Distribution

Percentile by Number Answered

Percent of People with Each Score

Your Score History

You have not taken this quiz